Online Catalogue and eLibrary

International Conference on women and apartheid : (Record no. 573)

MARC details
000 -LEADER
fixed length control field 00386nam a22001457a 4500
005 - DATE AND TIME OF LATEST TRANSACTION
control field 20240314054839.0
008 - FIXED-LENGTH DATA ELEMENTS--GENERAL INFORMATION
fixed length control field 240314b |||||||| |||| 00| 0 eng d
082 ## - DDC Classification
DDC Edition Number 22
Class No. 323.4
Item Number - Author Mark INT.
100 ## - MAIN ENTRY--PERSONAL NAME
Personal name Brussels.
245 ## - TITLE STATEMENT
Title International Conference on women and apartheid :
260 ## - PUBLICATION, DISTRIBUTION, ETC.
Name of publisher, distributor, etc. United nations center against APARTHEID /
Date of publication, distribution, etc. 1982
300 ## - PHYSICAL DESCRIPTION
Extent (e.g. Volumes, Pages etc.) 38 P .,
650 ## - SUBJECT ADDED ENTRY--TOPICAL TERM
Topical term or geographic name entry element Women.
942 ## - Koha item type (Biblio)
Koha item type Books in Stacks (Lending)
Holdings
Lost status Damaged status Collection code Home library Current library Date acquired Full call number Accession Number Item type
    Lending WERC Library WERC Library 03/14/2024 323.4 INT. 1690 Books in Stacks (Lending)

© WERC Library